Saṅkshipta Nepāla bhāshā śabda-kośa. (Record no. 82540)

MARC details
000 -LEADER
fixed length control field 00647cam a22002411 4500
001 - CONTROL NUMBER
control field sa 68008739
003 - CONTROL NUMBER IDENTIFIER
control field DLC
005 - DATE AND TIME OF LATEST TRANSACTION
control field 20260227112535.0
008 - FIXED-LENGTH DATA ELEMENTS--GENERAL INFORMATION
fixed length control field 941010s1956 np c d 000 0 nepo
010 ## - LIBRARY OF CONGRESS CONTROL NUMBER
LC control number sa 68008739
025 ## - OVERSEAS ACQUISITION NUMBER
Overseas acquisition number PL480:N-271
035 ## - SYSTEM CONTROL NUMBER
System control number (OCoLC)31253516
040 ## - CATALOGING SOURCE
Original cataloging agency DLC
Transcribing agency CU
Modifying agency CU
-- DLC
041 0# - LANGUAGE CODE
Language code of text/sound track or separate title nepnew
042 ## - AUTHENTICATION CODE
Authentication code premarc
050 00 - LIBRARY OF CONGRESS CALL NUMBER
Classification number PL3801.N54
Item number J6
100 1# - MAIN ENTRY--PERSONAL NAME
Personal name Jośī, Pannāprasāda.
245 10 - TITLE STATEMENT
Title Saṅkshipta Nepāla bhāshā śabda-kośa.
260 ## - PUBLICATION, DISTRIBUTION, ETC.
Date of publication, distribution, etc. 1076 [1956?]
300 ## - PHYSICAL DESCRIPTION
Extent 2, 2, 283, 3, 3 p.
Other physical details port.
Dimensions 18 cm.
500 ## - GENERAL NOTE
General note Nepali and Newari.
650 #0 - SUBJECT ADDED ENTRY--TOPICAL TERM
Topical term or geographic name entry element Newari language
General subdivision Dictionaries
-- Nepali.

No items available.

Powered by Koha